Communes/Arrondissements of Cameroon with a Map - Statistics

General Stats
  • This quiz has been taken 25 times
  • The average score is 66 of 360
Answers on the Map
Answers color-coded by a green-red scale on the quiz's map according to % correct below.
 
Answer Stats
Region Department Commune/Arrondissement % Correct
Centre Mfoundi Yaounde 1er
81%
Centre Mfoundi Yaounde 2e
81%
Centre Mfoundi Yaounde 3e
81%
Centre Mfoundi Yaounde 4e
81%
Centre Mfoundi Yaounde 5e
81%
Centre Mfoundi Yaounde 6e
81%
Centre Mfoundi Yaounde 7e
81%
Littoral Wouri Douala 1er
75%
Littoral Wouri Douala 2e
75%
Littoral Wouri Douala 3e
75%
Littoral Wouri Douala 4e
75%
Littoral Wouri Douala 5e
75%
Littoral Wouri Douala 6e
75%
Far-North Diamaré Maroua 1er
56%
Far-North Diamaré Maroua 2e
56%
Far-North Diamaré Maroua 3e
56%
North Bénoué Garoua 1er
50%
North Bénoué Garoua 2e
50%
North Bénoué Garoua 3e
50%
North-West Mezam Bamenda 1st
44%
North-West Mezam Bamenda 2nd
44%
North-West Mezam Bamenda 3rd
44%
South Océan Kribi 1er
44%
South Océan Kribi 2e
44%
Adamawa Vina Mbe
44%
Adamawa Vina Ngaoundere 1er
44%
Adamawa Vina Ngaoundere 2e
44%
Adamawa Vina Ngaoundere 3e
44%
Adamawa Mayo-Banyo Banyo
38%
East Lom-et-Djérem Bertoua 1er
38%
East Lom-et-Djérem Bertoua 2e
38%
Centre Mbam-et-Inoubou Bafia
31%
South-West Fako Buea
31%
West Menoua Dschang
31%
South Mvila Ebolowa 1er
31%
South Mvila Ebolowa 2e
31%
South-West Fako Limbe 1st
31%
South-West Fako Limbe 2nd
31%
South-West Fako Limbe 3rd
31%
Centre Nyong-et-So'o Mbalmayo
31%
Littoral Moungo Nkongsamba 1er
31%
Littoral Moungo Nkongsamba 2e
31%
Littoral Moungo Nkongsamba 3e
31%
North-West Donga-Mantung Ako
25%
Centre Mefou-et-Akono Akono
25%
Centre Nyong-et-Mfoumou Akonolinga
25%
South Vallée-du-Ntem Ambam
25%
West Haut-Nkam Bafang
25%
West Hauts-Plateaux Baham
25%
West Ndé Bangangte
25%
East Kadey Batouri
25%
Centre Mefou-et-Akono Bikok
25%
Centre Mbam-et-Inoubou Deuk
25%
Littoral Sanaga-Maritime Edea 1er
25%
Littoral Sanaga-Maritime Edea 2e
25%
North Mayo-Louti Guider
25%
Far-North Logone-et-Chari Kousseri
25%
South-West Meme Kumba 1st
25%
South-West Meme Kumba 2nd
25%
South-West Meme Kumba 3rd
25%
South Vallée-du-Ntem Maan
25%
South-West Manyu Mamfe
25%
Centre Mefou-et-Akono Mbankomo
25%
West Bamboutos Mbouda
25%
Centre Mefou-et-Afamba Mfou
25%
Centre Mefou-et-Akono Ngoumou
25%
Centre Lekié Obala
25%
South Dja-et-Lobo Sangmelima
25%
Adamawa Djérem Tibati
25%
East Haut-Nyong Abong-Mbang
19%
Centre Mefou-et-Afamba Afanloum
19%
North-West Mezam Bafut
19%
North-West Mezam Bali
19%
Adamawa Mayo-Banyo Bankim
19%
Centre Lekié Batchenga
19%
Adamawa Vina Belel
19%
Far-North Logone-et-Chari Blangoua
19%
Centre Mbam-et-Inoubou Bokito
19%
Far-North Logone-et-Chari Darak
19%
Far-North Diamaré Dargala
19%
Far-North Mayo-Danay Datcheka
19%
Adamawa Mbéré Dir
19%
Adamawa Mbéré Djohong
19%
South-West Ndian Ekondo Titi
19%
Centre Nyong-et-Kellé Eseka
19%
Centre Mefou-et-Afamba Esse
19%
North Mayo-Louti Figuil
19%
Far-North Logone-et-Chari Fotokol
19%
North-West Boyo Fundong
19%
West Bamboutos Galim
19%
Adamawa Faro-et-Déo Galim-Tignere
19%
East Lom-et-Djérem Garoua-Boulai
19%
Far-North Mayo-Danay Gobo
19%
Far-North Logone-et-Chari Goulfey
19%
Far-North Mayo-Danay Guere
19%
Far-North Logone-et-Chari Hile-Alifa
19%
Far-North Mayo-Danay Kai-Kai
19%
Far-North Mayo-Danay Kalfou
19%
Far-North Mayo-Sava Kolofata
19%
Adamawa Faro-et-Déo Kontcha
19%
North-West Bui Kumbo
19%
Far-North Logone-et-Chari Logone-Birni
19%
Far-North Mayo-Danay Maga
19%
Centre Nyong-et-Kellé Makak
19%
Adamawa Faro-et-Déo Mayo-Baleo
19%
Adamawa Mayo-Banyo Mayo-Darle
19%
North-West Momo Mbengwi
19%
Adamawa Mbéré Meiganga
19%
Far-North Diamaré Meri
19%
Centre Lekié Monatele
19%
Centre Haute-Sanaga Nanga-Eboko
19%
Far-North Diamaré Ndoukoula
19%
Adamawa Vina Nganha
19%
Adamawa Mbéré Ngaoui
19%
Adamawa Djérem Ngaoundal
19%
Centre Mbam-et-Kim Ntui
19%
Adamawa Vina Nyambaka
19%
Far-North Diamaré Pette
19%
North Faro Poli
19%
Littoral Sanaga-Maritime Pouma
19%
Centre Lekié Saa
19%
Far-North Mayo-Danay Tchatibali
19%
Adamawa Faro-et-Déo Tignere
19%
Far-North Mayo-Danay Wina
19%
Far-North Mayo-Danay Yagoua
19%
Far-North Logone-et-Chari Zina
19%
Centre Nyong-et-So'o Akoeman
13%
South Océan Akom 2
13%
South-West Manyu Akwaya
13%
South-West Lebialem Alou
13%
Centre Mefou-et-Afamba Awae
13%
Centre Nyong-et-Mfoumou Ayos
13%
West Bamboutos Babadjou
13%
North-West Ngo-Ketunjia Babessi
13%
North-West Ngo-Ketunjia Balikumbat
13%
West Hauts-Plateaux Bamendjou
13%
South-West Ndian Bamusso
13%
West Haut-Nkam Bana
13%
West Haut-Nkam Bandja
13%
South-West Kupe-Manenguba Bangem
13%
West Hauts-Plateaux Bangou
13%
West Noun Bangourain
13%
West Haut-Nkam Banka
13%
North Bénoué Bascheo
13%
West Ndé Bassamba
13%
West Bamboutos Batcham
13%
North-West Momo Batibo
13%
West Hauts-Plateaux Batie
13%
West Koung-Khi Bayangam
13%
West Ndé Bazou
13%
North Faro Beka
13%
East Lom-et-Djérem Belabo
13%
North-West Boyo Belo
13%
South Dja-et-Lobo Bengbis
13%
East Lom-et-Djérem Betare-Oya
13%
North Bénoué Bibemi
13%
Centre Haute-Sanaga Bibey
13%
South Océan Bipindi
13%
South Mvila Biwong-Bane
13%
South Mvila Biwong-Bulu
13%
Centre Nyong-et-Kellé Biyouha
13%
Far-North Diamaré Bogo
13%
Centre Nyong-et-Kellé Bondjock
13%
Centre Nyong-et-Kellé Bot-Makak
13%
Far-North Mayo-Tsanaga Bourrha
13%
South Océan Campo
13%
North Bénoué Dembo
13%
East Lom-et-Djérem Diang
13%
Littoral Sanaga-Maritime Dibamba
13%
Centre Nyong-et-Kellé Dibang
13%
Littoral Moungo Dibombari
13%
South-West Ndian Dikome Balue
13%
East Haut-Nyong Dimako
13%
Littoral Sanaga-Maritime Dizangue
13%
South Dja-et-Lobo Djoum
13%
East Haut-Nyong Doumaintang
13%
East Haut-Nyong Doume
13%
Centre Nyong-et-So'o Dzeng
13%
Centre Lekié Ebebda
13%
Centre Mefou-et-Afamba Edzendouan
13%
South Mvila Efoulan
13%
Centre Lekié Elig-Mfomo
13%
Centre Nyong-et-Mfoumou Endom
13%
Centre Lekié Evodoula
13%
South-West Manyu Eyumodjock
13%
West Menoua Fokoue
13%
West Menoua Fongo-Tongo
13%
West Noun Foumban
13%
West Noun Foumbot
13%
North-West Menchum Furu-Awa
13%
East Boumba-et-Ngoko Gari Gombo
13%
Far-North Mayo-Kani Guidiguis
13%
Far-North Mayo-Tsanaga Hina
13%
South-West Ndian Idabato
13%
North-West Bui Jakiri
13%
Far-North Mayo-Kani Kaele
13%
West Haut-Nkam Kekem
13%
East Kadey Kette
13%
Centre Mbam-et-Inoubou Kiiki
13%
South-West Ndian Kombo Abedimo
13%
Centre Mbam-et-Inoubou Kon Yambetta
13%
South-West Meme Konye
13%
West Noun Kouoptamo
13%
West Noun Koutaba
13%
Far-North Mayo-Tsanaga Koza
13%
South Vallée-du-Ntem Kye-Ossi
13%
North Bénoué Lagdo
13%
Centre Haute-Sanaga Lembe Yezoum
13%
Centre Lekié Lobo
13%
South Océan Lokoundje
13%
South Océan Lolodorf
13%
East Haut-Nyong Lomie
13%
Littoral Moungo Loum
13%
West Noun Magba
13%
Far-North Logone-et-Chari Makary
13%
Centre Mbam-et-Inoubou Makenene
13%
East Lom-et-Djérem Mandjou
13%
Littoral Moungo Manjo
13%
Adamawa Vina Martap
13%
West Noun Massangam
13%
Centre Nyong-et-Kellé Matomb
13%
North Bénoué Mayo-Hourna
13%
North Mayo-Louti Mayo-Oulo
13%
Centre Haute-Sanaga Mbandjock
13%
East Kadey Mbang
13%
Littoral Moungo Mbanga
13%
Centre Mbam-et-Kim Mbangassina
13%
East Haut-Nyong Mboma
13%
South-West Meme Mbonge
13%
Littoral Moungo Melong
13%
Centre Nyong-et-Mfoumou Mengang
13%
South Mvila Mengong
13%
Centre Nyong-et-So'o Mengueme
13%
East Haut-Nyong Messamena
13%
East Haut-Nyong Messok
13%
Centre Nyong-et-Kellé Messondo
13%
South Dja-et-Lobo Meyomessala
13%
South Dja-et-Lobo Meyomessi
13%
Far-North Mayo-Kani Mindif
13%
Centre Haute-Sanaga Minta
13%
South Dja-et-Lobo Mintom
13%
North-West Donga-Mantung Misaje
13%
Far-North Mayo-Tsanaga Mogode
13%
Far-North Mayo-Tsanaga Mokolo
13%
East Boumba-et-Ngoko Moloundou
13%
Littoral Moungo Mombo
13%
Far-North Mayo-Sava Mora
13%
Littoral Sanaga-Maritime Mouanko
13%
Far-North Mayo-Kani Moulvoudaye
13%
Far-North Mayo-Kani Moutourwa
13%
South-West Fako Muyuka
13%
South Mvila Mvangane
13%
South Océan Mvengue
13%
East Kadey Ndelele
13%
Centre Mbam-et-Inoubou Ndikinimeki
13%
Littoral Sanaga-Maritime Ndom
13%
North-West Ngo-Ketunjia Ndop
13%
North-West Donga-Mantung Ndu
13%
Littoral Sanaga-Maritime Ngambe
13%
Centre Mbam-et-Kim Ngambe-Tikar
13%
Centre Nyong-et-Kellé Ngog-Mapubi
13%
Centre Nyong-et-So'o Ngomedzap
13%
Centre Mbam-et-Kim Ngoro
13%
South Mvila Ngoulemakong
13%
East Lom-et-Djérem Ngoura
13%
East Haut-Nyong Ngoyla
13%
East Haut-Nyong Nguelemendouka
13%
Centre Nyong-et-Kellé Nguibassal
13%
Littoral Sanaga-Maritime Ngwei
13%
South Océan Niete
13%
Centre Mbam-et-Inoubou Nitoukou
13%
North-West Momo Njikwa
13%
West Noun Njimom
13%
North-West Boyo Njinikom
13%
North-West Donga-Mantung Nkambe
13%
Centre Mefou-et-Afamba Nkolafamba
13%
Centre Nyong-et-So'o Nkolmetet
13%
Littoral Nkam Nkondjock
13%
Centre Haute-Sanaga Nkoteng
13%
North-West Bui Nkum
13%
Centre Haute-Sanaga Nsem
13%
North-West Donga-Mantung Nwa
13%
Littoral Sanaga-Maritime Nyanon
13%
Centre Lekié Okola
13%
South Vallée-du-Ntem Olamze
13%
Centre Mbam-et-Inoubou Ombessa
13%
South Dja-et-Lobo Oveng
13%
West Menoua Penka-Michel
13%
North Bénoué Pitoa
13%
East Boumba-et-Ngoko Salapoumbe
13%
North-West Mezam Santa
13%
West Menoua Santchou
13%
Centre Mefou-et-Afamba Soa
13%
East Haut-Nyong Somalomo
13%
North Mayo-Rey Tchollire
13%
South-West Fako Tiko
13%
South-West Ndian Toko
13%
Far-North Mayo-Sava Tokombere
13%
South-West Kupe-Manenguba Tombel
13%
West Ndé Tonga
13%
North Mayo-Rey Touboro
13%
North Bénoué Touroua
13%
North-West Mezam Tubah
13%
South-West Lebialem Wabane
13%
Far-North Logone-et-Chari Waza
13%
South-West Fako West-Coast
13%
North-West Momo Widikum
13%
North-West Menchum Wum
13%
Littoral Nkam Yabassi
13%
Littoral Nkam Yingui
13%
East Boumba-et-Ngoko Yokadouma
13%
Centre Mbam-et-Kim Yoko
13%
South Dja-et-Lobo Zoetele
13%
Centre Mefou-et-Afamba Assamba
6%
West Haut-Nkam Bakou
6%
West Haut-Nkam Banwa
6%
Littoral Moungo Bare-Bakem
6%
East Haut-Nyong Bebend
6%
East Kadey Bombe
6%
North-West Boyo Bum
6%
North Bénoué Demsa
6%
East Haut-Nyong Dja
6%
West Koung-Khi Djebem
6%
Littoral Moungo Fiko
6%
South-West Lebialem Fontem
6%
North-West Menchum Fungom
6%
Far-North Diamaré Gazawa
6%
South-West Ndian Isangele
6%
Far-North Mayo-Danay Kar-Hay
6%
South-West Ndian Kombo Itindi
6%
North Mayo-Rey Madingring
6%
West Noun Malantouen
6%
Littoral Sanaga-Maritime Massock-Songloulou
6%
Far-North Mayo-Tsanaga Mayo-Moskota
6%
East Haut-Nyong Mboanz
6%
East Kadey Mbotoro
6%
North-West Bui Mbven
6%
North-West Menchum Menchum-Valley
6%
South-West Ndian Mundemba
6%
East Kadey Ndem Nam
6%
North-West Momo Ngie
6%
South-West Kupe-Manenguba Nguti
6%
Littoral Moungo Njombe-Penja
6%
West Menoua Nkong-Ni
6%
Littoral Moungo Nlonako
6%
North-West Bui Noni
6%
Littoral Nkam Nord-Makombe
6%
Centre Nyong-et-Mfoumou Nyakokombo
6%
North-West Bui Oku
6%
Far-North Mayo-Kani Porhi
6%
West Koung-Khi Poumougne
6%
North Mayo-Rey Rey-Bouba
6%
Far-North Mayo-Tsanaga Soulede-Roua
6%
Far-North Mayo-Kani Taibong
6%
North Bénoué Tcheboa
6%
South-West Manyu Upper Bayang
6%
Far-North Mayo-Danay Vele
6%
West Mifi Bafoussam 1er
0%
West Mifi Bafoussam 2e
0%
West Mifi Bafoussam 3e
0%
No matching quizzes found
Score Distribution
Percent of People with Each Score
Percentile by Number Answered
Your Score History
You have not taken this quiz